Statistics for NBA 2k21 all-time Sacramento Kings

Click here to take the quiz!

General Stats

  • This quiz has been taken 66 times
  • The average score is 9 of 15

Answer Stats

OverallPlayer% Correct
98Oscar Robertson
93%
93Chris Webber
85%
84De'Aaron Fox
80%
88Peja Stojakovic
78%
90DeMarcus Cousins
76%
88Vlade Divac
69%
88Mike Bibby
65%
94Mitch Richmond
57%
84Jason Williams
56%
83Doug Christie
46%
95Jerry Lucas
46%
95Nate Archibald
46%
86Kevin Martin
24%
88Otis Birdsong
22%
87Reggie Theus
22%

Score Distribution

Percentile by Number Answered

Percent of People with Each Score

Your Score History

You have not taken this quiz